[Event "SC SSV Bruneck-ASK Niederdorf"]
[Site "?"]
[Date "2013.01.19"]
[Round "7.4"]
[White "De Nicolo, Werner"]
[Black "Pallhuber, Manfred"]
[Result "1/2-1/2"]
[WhiteElo "1439"]
[BlackElo "1382"]
[PlyCount "80"]
[EventDate "2013.??.??"]

1. c4 e5 2. Nc3 Nf6 3. e4 Bc5 4. d3 Nc6 5. h3 h6 6. g3 Nd4 7. Bg2 O-O 8. Nge2
d6 9. O-O a6 10. Kh2 Nxe2 11. Qxe2 c6 12. Be3 Nd7 13. a3 Bxe3 14. Qxe3 Nc5 15.
b4 Nb3 16. Rab1 Nd4 17. Ne2 Nxe2 18. Qxe2 f5 19. f4 Qe7 20. Rbe1 Bd7 21. exf5
Bxf5 22. d4 Qc7 23. dxe5 dxe5 24. Qxe5 Qxe5 25. Rxe5 Bd3 26. Rc1 Rad8 27. c5
Bb5 28. Rce1 Rd3 29. R1e3 Rfd8 30. Re7 Rxe3 31. Rxe3 Kf7 32. g4 Rd2 33. Kg3 Bc4
34. Rc3 Bb5 35. Bf3 Kf6 36. Re3 g6 37. h4 Bc4 38. Be4 Rd1 39. Bg2 Rg1 40. Kf2
Rd1 1/2-1/2

[Event "SC SSV Bruneck-ASK Niederdorf"]
[Site "?"]
[Date "2013.01.19"]
[Round "7.5"]
[White "Kamelger, Ewald"]
[Black "Scanferla, Antonio"]
[Result "0-1"]
[WhiteElo "1200"]
[BlackElo "1360"]
[PlyCount "96"]
[EventDate "2013.??.??"]

1. e4 e5 2. c3 Nf6 3. d3 Bc5 4. Nf3 d6 5. Bg5 Bg4 6. Be2 Nbd7 7. O-O O-O 8.
Nbd2 Re8 9. h3 Bh5 10. Nh4 Bxe2 11. Qxe2 h6 12. Bxf6 Nxf6 13. Nf5 Kh7 14. b4
Bb6 15. Nc4 g6 16. Nxb6 axb6 17. Ne3 Nh5 18. g3 c6 19. Ng2 Qd7 20. Qg4 Qxg4 21.
hxg4 Nf6 22. f3 Ra3 23. Rfc1 d5 24. Rc2 dxe4 25. dxe4 Rd8 26. Ne3 b5 27. Kg2
Rd3 28. Nd1 Nd7 29. Kf2 Nb6 30. Ke2 Rd6 31. Ne3 Ra8 32. Rd2 Rxd2+ 33. Kxd2 Kg7
34. Kc2 Kf6 35. f4 Nc4 36. Nxc4 bxc4 37. Kb2 Rd8 38. Kc2 Rd3 39. Rg1 Rf3 40. f5
Kg5 41. a4 Kxg4 42. fxg6 fxg6 43. a5 Rxg3 44. Rf1 Rg2+ 45. Kd1 h5 46. Rf7 h4
47. Rxb7 h3 48. Rh7 h2 0-1

[Event "SC SSV Taufers-Wipptal Schach"]
[Site "?"]
[Date "2013.01.19"]
[Round "7.1"]
[White "De Bettin, Sergio"]
[Black "Niederkofler, Andreas"]
[Result "0-1"]
[WhiteElo "1713"]
[BlackElo "1770"]
[PlyCount "128"]
[EventDate "2013.??.??"]

1. e4 c5 2. Nf3 e6 3. d4 cxd4 4. Nxd4 a6 5. Be3 Nf6 6. Nd2 d6 7. h3 b6 8. Bd3
Bb7 9. O-O Qc7 10. Rc1 Be7 11. Qe2 Nbd7 12. N4b3 O-O 13. f4 Rfe8 14. Bf2 Bf8
15. Kh2 e5 16. f5 d5 17. Rg1 dxe4 18. Nxe4 Nxe4 19. Bxe4 Bxe4 20. Qxe4 Nf6 21.
Qe2 e4+ 22. Bg3 Bd6 23. Bxd6 Qxd6+ 24. Kh1 Qe5 25. c3 Qxf5 26. Rgf1 Qe5 27. Qc4
Ra7 28. Rcd1 e3 29. Rfe1 Ne4 30. Rd5 Nf2+ 31. Kg1 Nxh3+ 32. Kh1 Nf2+ 33. Kg1
Qg3 34. Rf5 Nh3+ 35. Kf1 Rae7 36. Rf3 e2+ 37. Rxe2 Qxf3+ 38. gxf3 Rxe2 39. Qxe2
Rxe2 40. Kxe2 g5 41. Nd4 Kg7 42. a4 Kf6 43. b4 Ke5 44. Kd3 Nf4+ 45. Kc4 h5 46.
Nc2 h4 47. Ne3 f5 48. a5 bxa5 49. bxa5 h3 50. Nf1 Ne6 51. Kd3 Kd5 52. Ne3+ Ke5
53. Nf1 Kf4 54. Ke2 Nc5 55. Kf2 Nb3 56. Ne3 Nxa5 57. Nd5+ Ke5 58. Nb4 Nc4 59.
Nxa6 Kf4 60. Nc5 g4 61. Nd3+ Kg5 62. Kg3 Nd2 63. fxg4 fxg4 64. Nf2 Nf1# 0-1

[Event "SC SSV Taufers-Wipptal Schach"]
[Site "?"]
[Date "2013.01.19"]
[Round "7.2"]
[White "Holzer, Phillipp"]
[Black "Giorgione, Roberto"]
[Result "1-0"]
[WhiteElo "1759"]
[BlackElo "1444"]
[PlyCount "35"]
[EventDate "2013.??.??"]

1. e4 e6 2. d4 d5 3. Nc3 dxe4 4. Nxe4 Nd7 5. Nf3 Ngf6 6. Nxf6+ Nxf6 7. Bc4 Be7
8. O-O O-O 9. c3 b6 10. Re1 Bb7 11. Ng5 Bd5 12. Bd3 g6 13. Qe2 c5 14. c4 Bb7
15. d5 Nxd5 16. Nxe6 Nf6 17. Nxd8 Bxd8 18. Bh6 1-0

[Event "SC SSV Taufers-Wipptal Schach"]
[Site "?"]
[Date "2013.01.19"]
[Round "7.3"]
[White "Perfler, Manfred"]
[Black "Forer, Erich"]
[Result "0-1"]
[WhiteElo "1367"]
[BlackElo "1733"]
[PlyCount "28"]
[EventDate "2013.??.??"]

1. e4 d6 2. Nf3 g6 3. Bc4 Bg7 4. c3 Nf6 5. e5 dxe5 6. Nxe5 O-O 7. d4 c5 8. d5
Qd6 9. Bf4 Nh5 10. Nxg6 Nxf4 11. Nxf8 Nxg2+ 12. Kf1 Bh3 13. Kg1 Kxf8 14. Nd2
Qg6 0-1

[Event "SC SSV Taufers-Wipptal Schach"]
[Site "?"]
[Date "2013.01.19"]
[Round "7.4"]
[White "Haidacher, Gerold"]
[Black "Saxl, Alexander"]
[Result "1-0"]
[WhiteElo "1726"]
[BlackElo "1381"]
[PlyCount "49"]
[EventDate "2013.??.??"]

1. d4 d5 2. c4 dxc4 3. Nf3 Nf6 4. Nc3 e6 5. e3 Be7 6. Bxc4 b6 7. O-O Bb7 8. Qe2
O-O 9. Rd1 Nd5 10. e4 Nxc3 11. bxc3 Qc8 12. Bf4 Rd8 13. Rd2 c5 14. d5 exd5 15.
exd5 Bf6 16. Qd3 Qg4 17. Be5 Nd7 18. Bc7 Re8 19. Bb5 Bc8 20. Bc6 Ne5 21. Nxe5
Bxe5 22. Bxe5 Rxe5 23. Bxa8 Rg5 24. f3 Bf5 25. Qe2 1-0

[Event "SC SSV Taufers-Wipptal Schach"]
[Site "?"]
[Date "2013.01.19"]
[Round "7.5"]
[White "Zini, Heinrich"]
[Black "Ratschiller, Manuel"]
[Result "0-1"]
[WhiteElo "1200"]
[BlackElo "1495"]
[PlyCount "76"]
[EventDate "2013.??.??"]

1. d4 Nf6 2. c4 g6 3. Nf3 Bg7 4. e3 O-O 5. Bd3 d5 6. O-O Nc6 7. cxd5 Nxd5 8. a3
Bg4 9. h3 Bxf3 10. Qxf3 e5 11. e4 Nxd4 12. Qd1 Nb6 13. Nc3 Qd7 14. Be3 c5 15.
Rb1 Rad8 16. b4 Qe7 17. f4 exf4 18. Bxf4 Ne6 19. Ne2 c4 20. Rf3 cxd3 21. Rxd3
Rxd3 22. Qxd3 Rd8 23. Qf3 Nxf4 24. Nxf4 Rd4 25. Re1 Nc4 26. Nd5 Rxd5 27. Kh2
Re5 28. Qd3 Qc7 29. g3 Nd6 30. h4 Qb6 31. Kh3 Nf5 32. g4 Qd4 33. Qxd4 Nxd4 34.
g5 Nc2 35. Rd1 Rxe4 36. Rd7 Re3+ 37. Kg4 Be5 38. Rxb7 Rg3# 0-1

[Event "SK Ehrenburg - SK Klausen"]
[Site "?"]
[Date "2013.01.19"]
[Round "7.1"]
[White "Schacher, Gerd"]
[Black "Jedinger, Andreas"]
[Result "1-0"]
[WhiteElo "2300"]
[BlackElo "2136"]
[PlyCount "131"]
[EventDate "2013.??.??"]

1. Nf3 c5 2. g3 Nc6 3. c4 g6 4. Bg2 Bg7 5. Nc3 e5 6. d3 Nge7 7. a3 O-O 8. Rb1
a5 9. O-O d6 10. Ne1 Be6 11. Nc2 d5 12. cxd5 Nxd5 13. Nxd5 Bxd5 14. Bxd5 Qxd5
15. b4 axb4 16. axb4 cxb4 17. Nxb4 Nxb4 18. Rxb4 b5 19. Qb3 Qxb3 20. Rxb3 Rfb8
21. Bb2 Rb7 22. Rc1 f6 23. Rc6 Rd8 24. Kg2 Kf7 25. g4 Rd5 26. Kf3 Bf8 27. g5
fxg5 28. Ke4 Rc5 29. Rxc5 Bxc5 30. e3 Ke6 31. Bxe5 Bd6 32. Bxd6 Kxd6 33. Kd4 g4
34. e4 g5 35. e5+ Ke6 36. Ke4 Rf7 37. Rxb5 Rf4+ 38. Ke3 Rf3+ 39. Ke2 h5 40. d4
Ra3 41. Rb6+ Kd5 42. Rd6+ Ke4 43. e6 Ra2+ 44. Kd1 Kd3 45. Kc1 Kc3 46. Kb1 Re2
47. d5 Re1+ 48. Ka2 Re2+ 49. Ka3 Re1 50. Rc6+ Kd4 51. d6 Rxe6 52. d7 Rxc6 53.
d8=Q+ Kc3 54. Qa5+ Kd4 55. Qxg5 Rc5 56. Qe3+ Kc4 57. Kb2 Rd5 58. Qe4+ Kc5 59.
Kc3 Kd6 60. Kc4 Re5 61. Qg6+ Ke7 62. Kd4 Rb5 63. Ke4 Ra5 64. Kf4 Rb5 65. Qc6
Rb3 66. Qc5+ 1-0

[Event "SK Ehrenburg - SK Klausen"]
[Site "?"]
[Date "2013.01.19"]
[Round "7.2"]
[White "Flatscher, Tobias"]
[Black "Seebacher, Reinhard"]
[Result "1/2-1/2"]
[WhiteElo "1704"]
[BlackElo "1880"]
[PlyCount "46"]
[EventDate "2013.??.??"]

1. e4 c6 2. d4 d5 3. Nc3 dxe4 4. Nxe4 Nf6 5. Nxf6+ exf6 6. Be3 Bd6 7. Bc4 O-O
8. Nf3 Bg4 9. h3 Bxf3 10. Qxf3 Qb6 11. O-O-O Qc7 12. Bd3 Nd7 13. h4 c5 14. Qg4
Rfd8 15. h5 cxd4 16. Bh6 Bf8 17. Qf5 g6 18. hxg6 hxg6 19. Qh3 Ne5 20. Bg5 Bg7
21. Qh7+ Kf8 22. Bh6 Bxh6+ 23. Qxh6+ Ke7 1/2-1/2

[Event "SK Ehrenburg - SK Klausen"]
[Site "?"]
[Date "2013.01.19"]
[Round "7.3"]
[White "Schrott, Johann"]
[Black "Babinetz, Rainer"]
[Result "0-1"]
[WhiteElo "1787"]
[BlackElo "1897"]
[PlyCount "88"]
[EventDate "2013.??.??"]

1. e4 g6 2. d4 Bg7 3. Nf3 d6 4. Bc4 Nc6 5. h3 Nf6 6. Nc3 O-O 7. O-O Nxe4 8.
Bxf7+ Rxf7 9. Nxe4 Bf5 10. Ng3 Qd7 11. c3 Raf8 12. Nxf5 Qxf5 13. Ng5 Rf6 14.
Qb3+ Kh8 15. Qxb7 Qd7 16. Qb5 d5 17. Qe2 h6 18. Nf3 Rxf3 19. gxf3 Qxh3 20. f4
g5 21. Qe3 Qh5 22. f5 Rxf5 23. Kg2 Rf4 24. Rg1 e5 25. Bd2 exd4 26. cxd4 Nxd4
27. Rae1 Rg4+ 28. Kf1 Rxg1+ 29. Kxg1 Nf3+ 30. Kf1 Nxe1 31. Bxe1 Qh1+ 32. Ke2
Qe4 33. Qxe4 dxe4 34. Ke3 Bxb2 35. Kxe4 Kg7 36. f3 Kf6 37. Bg3 c6 38. a4 h5 39.
a5 a6 40. Bc7 Ke6 41. Bd8 Bc1 42. Bb6 h4 43. Bc7 Bd2 44. Kd3 Bf4 0-1

[Event "SK Ehrenburg - SK Klausen"]
[Site "?"]
[Date "2013.01.19"]
[Round "7.4"]
[White "Steger, Gerhard"]
[Black "Schrott, Ernst"]
[Result "1-0"]
[WhiteElo "1894"]
[BlackElo "1814"]
[PlyCount "55"]
[EventDate "2013.??.??"]

1. e4 c5 2. Nc3 e6 3. f4 a6 4. Nf3 b5 5. a4 b4 6. Ne2 Bb7 7. Ng3 h5 8. h4 Nf6
9. d3 Be7 10. Be2 Nc6 11. c3 d6 12. Ng5 g6 13. f5 Nh7 14. Nxf7 Kxf7 15. fxg6+
Ke8 16. Bxh5 Kd7 17. gxh7 Ne5 18. d4 Bxh4 19. Bf4 Nc4 20. Qg4 Bxg3+ 21. Bxg3
bxc3 22. bxc3 cxd4 23. Bh4 Qb6 24. Qg7+ Kc6 25. O-O dxc3+ 26. Bf2 Qa5 27. Rab1
Nb2 28. Rfc1 1-0

[Event "SK Ehrenburg - SK Klausen"]
[Site "?"]
[Date "2013.01.19"]
[Round "7.5"]
[White "Sigmund, Ingenuin"]
[Black "Mairhofer, Lino"]
[Result "1/2-1/2"]
[WhiteElo "1728"]
[BlackElo "1743"]
[PlyCount "54"]
[EventDate "2013.??.??"]

1. e4 c5 2. Nc3 g6 3. g3 Bg7 4. Bg2 e6 5. d3 Nc6 6. Nce2 Nge7 7. c3 d5 8. Qc2
O-O 9. f4 b6 10. Nf3 Bb7 11. O-O Rc8 12. g4 c4 13. dxc4 dxe4 14. Ng5 Na5 15. b3
Qd3 16. Qxd3 exd3 17. Nd4 Rfd8 18. Be3 Nec6 19. Ngf3 Nxd4 20. Nxd4 Bxg2 21.
Kxg2 Nc6 22. Nxc6 Rxc6 23. Bd2 a6 24. a4 e5 25. fxe5 Bxe5 26. h4 f6 27. Kf3 Kf7
1/2-1/2

[Event "SK Ehrenburg - SK Klausen"]
[Site "?"]
[Date "2013.01.19"]
[Round "7.6"]
[White "Mitterhofer, Martin"]
[Black "Seebacher, Michael"]
[Result "0-1"]
[WhiteElo "1560"]
[BlackElo "1403"]
[PlyCount "57"]
[EventDate "2013.??.??"]

1. e4 c6 2. d4 d5 3. exd5 cxd5 4. Nf3 Nf6 5. Be2 Nc6 6. c3 Bf5 7. Nbd2 e6 8.
Nh4 Bg6 9. Nxg6 hxg6 10. Nf3 Bd6 11. Be3 Qc7 12. h3 Rc8 13. Qd3 a6 14. Nd2 Na5
15. Bf3 Nd7 16. Rc1 b5 17. Ke2 Nb6 18. Rc2 Nac4 19. Nxc4 Nxc4 20. Rhc1 Kd7 21.
Kd1 Qa5 22. a3 Qa4 23. Ke1 Qb3 24. Qe2 Be7 25. Ra1 g5 26. Kd1 Nxb2+ 27. Kc1 Nc4
28. Rb1 Bxa3+ 29. Kd1 0-1

[Event "SK Gries-SG Kaltern/Tramin"]
[Site "?"]
[Date "2013.01.19"]
[Round "7.1"]
[White "Bertagnolli, Alexander"]
[Black "Spornberger, Maximilian"]
[Result "1/2-1/2"]
[WhiteElo "2294"]
[BlackElo "2222"]
[PlyCount "72"]
[EventDate "2013.??.??"]

1. b3 g6 2. Bb2 Nf6 3. e4 d6 4. Nc3 Bg7 5. d4 O-O 6. Nge2 Nc6 7. Ng3 e5 8. d5
Nd4 9. Nb1 c6 10. c3 Nb5 11. Bxb5 cxb5 12. Qd3 h5 13. Nd2 a6 14. a4 Bd7 15.
axb5 Bh6 16. bxa6 Bxd2+ 17. Kxd2 Qb6 18. axb7 Rxa1 19. Rxa1 Qxb3 20. Ba3 Qxb7
21. Rb1 Qc7 22. Qa6 Rc8 23. Rb3 h4 24. Bxd6 Qd8 25. f3 hxg3 26. hxg3 Nh5 27. g4
Qg5+ 28. Kc2 Ng3 29. Rb8 Rxb8 30. Bxb8 Qe7 31. Qd6 Ba4+ 32. Kd2 Nf1+ 33. Ke1
Qh4+ 34. Kxf1 Bb5+ 35. Kg1 Qe1+ 36. Kh2 Qh4+ 1/2-1/2

[Event "SK Gries-SG Kaltern/Tramin"]
[Site "?"]
[Date "2013.01.19"]
[Round "7.2"]
[White "Spornberger, Andre"]
[Black "Paltrinieri, Nicholas"]
[Result "0-1"]
[WhiteElo "2048"]
[BlackElo "2119"]
[PlyCount "48"]
[EventDate "2013.??.??"]

1. e4 e6 2. d4 d5 3. exd5 exd5 4. Nf3 Nf6 5. Bd3 c5 6. O-O c4 7. Re1+ Be7 8.
Bf1 O-O 9. b3 cxb3 10. axb3 Nc6 11. Ba3 Bg4 12. h3 Bh5 13. c3 Ne4 14. Bd3 Rc8
15. c4 Bb4 16. Re2 Re8 17. g4 Bg6 18. Bxe4 dxe4 19. Ne1 f5 20. Nc2 fxg4 21.
Bxb4 Nxb4 22. Rxa7 gxh3 23. Rxb7 Bh5 24. Nc3 h2+ 0-1

[Event "SK Gries-SG Kaltern/Tramin"]
[Site "?"]
[Date "2013.01.19"]
[Round "7.4"]
[White "Paulmichl, Martin"]
[Black "Dibiasi, Rainer"]
[Result "1-0"]
[WhiteElo "1953"]
[BlackElo "1806"]
[PlyCount "91"]
[EventDate "2013.??.??"]

1. d4 d5 2. Bg5 c6 3. c4 Nf6 4. Bxf6 exf6 5. e3 Bb4+ 6. Nc3 O-O 7. cxd5 Qxd5 8.
Nge2 Bg4 9. Nf4 Qa5 10. Qb3 Re8 11. Bc4 Bxc3+ 12. bxc3 Qc7 13. O-O g5 14. Ne2
Be6 15. a4 Nd7 16. Qa2 Nb6 17. Bb3 Rad8 18. c4 Nc8 19. Ng3 Qd7 20. Nh5 Qe7 21.
Qe2 Bf5 22. Qf3 Bd3 23. Rfd1 Be4 24. Qxf6 Qxf6 25. Nxf6+ Kg7 26. Nxe8+ Rxe8 27.
f3 Bg6 28. Kf2 Nd6 29. h3 Nf5 30. e4 Nd6 31. c5 Nc8 32. d5 f5 33. exf5 Bxf5 34.
d6 Rd8 35. a5 b6 36. axb6 axb6 37. cxb6 Nxb6 38. Ra7+ Kh6 39. Rb7 Nd7 40. Rc7
Ne5 41. Ke3 Re8 42. Re7 Bd7 43. Rxe8 Bxe8 44. Be6 Bd7 45. Bxd7 Nxd7 46. Kd4 1-0

[Event "SK Gries-SG Kaltern/Tramin"]
[Site "?"]
[Date "2013.01.19"]
[Round "7.5"]
[White "Dallaglio, Giovanni"]
[Black "Niederstaetter, Harald"]
[Result "1-0"]
[WhiteElo "1675"]
[BlackElo "1930"]
[PlyCount "93"]
[EventDate "2013.??.??"]

1. d4 f5 2. Nf3 Nf6 3. c4 e6 4. e3 Be7 5. Nbd2 O-O 6. b3 b6 7. Bb2 Bb7 8. Be2
d6 9. O-O h6 10. Ne1 Nbd7 11. f4 a5 12. Bf3 Bxf3 13. Nexf3 d5 14. Qe2 Ne4 15.
Nxe4 fxe4 16. Ne5 Nxe5 17. dxe5 c6 18. Rfd1 Qd7 19. Bd4 b5 20. cxb5 cxb5 21.
Rdc1 Rfc8 22. Qd2 Bb4 23. Bc3 Bxc3 24. Rxc3 b4 25. Rcc1 Ra6 26. Rxc8+ Qxc8 27.
Rc1 Rc6 28. Rxc6 Qxc6 29. Kf2 Kf7 30. h4 Kg6 31. g4 Qc7 32. h5+ Kf7 33. g5 g6
34. gxh6 gxh5 35. Qd1 h4 36. Qh5+ Kf8 37. Qxh4 Qc2+ 38. Kg3 Qc1 39. Qf6+ Ke8
40. Qxe6+ Kf8 41. Qd6+ Ke8 42. Qxd5 Qxe3+ 43. Kg4 Qg1+ 44. Kf5 e3 45. e6 Qb1+
46. Kf6 Qb2+ 47. Qe5 1-0

[Event "SK Gries-SG Kaltern/Tramin"]
[Site "?"]
[Date "2013.01.19"]
[Round "7.6"]
[White "Spornberger, Peter"]
[Black "Thaler, Elmar"]
[Result "0-1"]
[WhiteElo "1627"]
[BlackElo "1721"]
[PlyCount "94"]
[EventDate "2013.??.??"]

1. e4 c5 2. c3 d5 3. exd5 Qxd5 4. d4 cxd4 5. cxd4 Nc6 6. Nf3 Nf6 7. Nc3 Qe6+ 8.
Be2 Nd5 9. O-O Nxc3 10. bxc3 Qd6 11. Re1 e6 12. a4 Be7 13. Ba3 Qc7 14. d5 exd5
15. Bb5 Be6 16. Bxe7 Qxe7 17. Nd4 O-O 18. Nxc6 bxc6 19. Bxc6 Rad8 20. Bxd5 Qc5
21. c4 Bxd5 22. cxd5 Rxd5 23. Qe2 g6 24. g3 Qa5 25. Qa2 Rd2 26. Qc4 Qb6 27. Qf4
Rfd8 28. a5 Qb2 29. Rab1 Qc3 30. Rb7 R2d7 31. Rbb1 Qxa5 32. Ra1 Qb5 33. Rab1
Qa5 34. Ra1 Qd5 35. Qe3 Qa8 36. h4 a5 37. Qb6 a4 38. Qb4 Rd4 39. Re8+ Rxe8 40.
Qxd4 Re4 41. Qd3 Rb4 42. Qc3 Qb7 43. Kh2 Rb2 44. Rxa4 Rxf2+ 45. Kh3 h5 46. Re4
Qxe4 47. Qc8+ Kh7 0-1

[Event "SK Steinegg/Raiffeisen-CSK Merania"]
[Site "?"]
[Date "2013.01.19"]
[Round "7.1"]
[White "Hellweger, Stefan"]
[Black "Engl, Stefan"]
[Result "0-1"]
[WhiteElo "1497"]
[BlackElo "1828"]
[PlyCount "82"]
[EventDate "2013.??.??"]

1. e4 e6 2. d4 d5 3. exd5 exd5 4. Nf3 Bd6 5. c4 c6 6. c5 Bc7 7. Bd3 Ne7 8. O-O
O-O 9. Ng5 Bf5 10. Bxf5 Nxf5 11. Qh5 h6 12. Nf3 Qf6 13. Nc3 Nxd4 14. Nxd4 Qxd4
15. Be3 Qe5 16. Qh4 Nd7 17. Rad1 Qf6 18. Qh3 Rad8 19. f4 Rfe8 20. Bd4 Qe7 21.
Rfe1 Qxe1+ 22. Rxe1 Rxe1+ 23. Kf2 Re7 24. Qg4 f6 25. Bxf6 Nxf6 26. Qf5 Ne4+ 27.
Nxe4 Rxe4 28. g3 Rde8 29. Qd7 R4e7 30. Qf5 Re2+ 31. Kf1 Ba5 32. Qd7 R8e7 33.
Qc8+ Kh7 34. Qf5+ g6 35. Qf8 Bb4 36. f5 Bxc5 37. fxg6+ Kxg6 38. Qg8+ Kh5 39.
g4+ Kh4 40. Qd8 Rf2+ 41. Kg1 Rf8+ 0-1

[Event "SK Steinegg/Raiffeisen-CSK Merania"]
[Site "?"]
[Date "2013.01.19"]
[Round "7.2"]
[White "Lantschner, Carmen"]
[Black "Ladurner, Hans"]
[Result "1/2-1/2"]
[WhiteElo "1726"]
[BlackElo "1544"]
[PlyCount "60"]
[EventDate "2013.??.??"]

1. e4 g6 2. d4 Bg7 3. Nc3 d6 4. Be3 Nf6 5. f3 c6 6. Qd2 Nbd7 7. O-O-O b5 8. a3
Qc7 9. Bh6 O-O 10. Bxg7 Kxg7 11. h4 h5 12. Be2 Nb6 13. Nh3 a5 14. Rdg1 Rh8 15.
Nf2 b4 16. Nb1 c5 17. g4 Ba6 18. Bxa6 Rxa6 19. gxh5 Nxh5 20. f4 Kf8 21. Rg5 Qb7
22. f5 gxf5 23. dxc5 Nc4 24. Qe2 bxa3 25. Qxc4 Qxb2+ 26. Kd1 Qxb1+ 27. Ke2 Qb7
28. exf5 Rc6 29. Ne4 Nf6 30. Qd4 Qb4 1/2-1/2

[Event "SK Steinegg/Raiffeisen-CSK Merania"]
[Site "?"]
[Date "2013.01.19"]
[Round "7.3"]
[White "Zappi, Adriano"]
[Black "Engl, Alexander"]
[Result "1/2-1/2"]
[WhiteElo "1504"]
[BlackElo "1710"]
[PlyCount "54"]
[EventDate "2013.??.??"]

1. d4 e6 2. Nf3 d5 3. Bf4 Bd6 4. Bxd6 Qxd6 5. c3 Nd7 6. e3 Ngf6 7. Be2 e5 8.
dxe5 Nxe5 9. Nbd2 O-O 10. Nxe5 Qxe5 11. Nf3 Qd6 12. O-O Bf5 13. Re1 Rfe8 14. c4
c6 15. Rc1 Rad8 16. c5 Qc7 17. Nd4 Bg6 18. b4 a6 19. Bf3 Ne4 20. g3 Qe7 21. Bg2
h5 22. h4 Qf6 23. Qf3 Qxf3 24. Bxf3 Nd2 25. Be2 Ne4 26. Red1 Nf6 27. Bf3 Nd7
1/2-1/2

[Event "SK Steinegg/Raiffeisen-CSK Merania"]
[Site "?"]
[Date "2013.01.19"]
[Round "7.4"]
[White "Resch, Aaron"]
[Black "Tomisich, Claudio"]
[Result "1/2-1/2"]
[WhiteElo "1709"]
[BlackElo "1480"]
[PlyCount "63"]
[EventDate "2013.??.??"]

1. e4 e6 2. d4 d5 3. exd5 exd5 4. Bd3 Nf6 5. Bf4 Bd6 6. Bxd6 Qxd6 7. Nf3 O-O 8.
O-O Bg4 9. Nbd2 Nbd7 10. c3 Rfe8 11. Qc2 Bh5 12. Rfe1 c6 13. Rxe8+ Rxe8 14. Re1
Rxe1+ 15. Nxe1 Bg6 16. Qd1 Bxd3 17. Nxd3 Nf8 18. Ne5 Ng6 19. Ndf3 Nd7 20. Nxd7
Qxd7 21. Ne5 Nxe5 22. dxe5 Qf5 23. Qe1 Kf8 24. Kf1 Ke7 25. g3 g5 26. Qe3 b6 27.
Ke2 g4 28. b3 Ke6 29. Qh6+ Kxe5 30. Qxc6 Qc2+ 31. Kf1 Qd1+ 32. Kg2 1/2-1/2

[Event "SK Steinegg/Raiffeisen-CSK Merania"]
[Site "?"]
[Date "2013.01.19"]
[Round "7.5"]
[White "Maestri, Alessandro"]
[Black "Pichler, Martin"]
[Result "0-1"]
[WhiteElo "1483"]
[BlackElo "1597"]
[PlyCount "66"]
[EventDate "2013.??.??"]

1. e4 d6 2. d4 Nf6 3. Nc3 g6 4. Nf3 Bg7 5. Be2 Nc6 6. h3 O-O 7. O-O e5 8. d5
Ne7 9. Bg5 Nd7 10. Qd2 f5 11. Bh6 f4 12. Bxg7 Kxg7 13. Ng5 Nf6 14. h4 h6 15.
Nf3 Nh7 16. Nh2 g5 17. hxg5 hxg5 18. Bg4 Nf6 19. Qe2 Rh8 20. Bxc8 Qxc8 21. f3
Rh4 22. Ng4 Qh8 23. Kf2 Rxg4 24. Rh1 Rh4 25. Qf1 Rxh1 26. Qxh1 a6 27. Ne2 g4
28. g3 Qxh1 29. Rxh1 Ng6 30. gxf4 exf4 31. fxg4 Nxe4+ 32. Kf3 Ng5+ 33. Kf2 Rh8
0-1

[Event "SK Klausen-Groeden"]
[Site "?"]
[Date "2013.02.02"]
[Round "8.1"]
[White "Demetz, Rainer"]
[Black "Schacher, Gerd"]
[Result "0-1"]
[WhiteElo "2170"]
[BlackElo "2300"]
[PlyCount "70"]
[EventDate "2013.??.??"]

1. e4 g6 2. d4 Bg7 3. Nc3 c5 4. Nf3 cxd4 5. Nxd4 Nc6 6. Be3 Nf6 7. Bc4 d6 8. f3
Qb6 9. Nf5 Qxb2 10. Nxg7+ Kf8 11. Nd5 Nxd5 12. Bxd5 Kxg7 13. Bxc6 Qc3+ 14. Qd2
Qxd2+ 15. Kxd2 bxc6 16. Rhb1 f6 17. Rb2 g5 18. Rab1 Ba6 19. a4 Kf7 20. Kc3 c5
21. Kd2 h5 22. Bf2 e5 23. Ke3 Ke6 24. Be1 f5 25. Ba5 fxe4 26. fxe4 Rhf8 27. Rd1
Kd7 28. Bc3 Kc6 29. Rbb1 Rf6 30. Rd2 Raf8 31. Rbd1 g4 32. Rd5 Bc4 33. Bxe5 dxe5
34. Rxe5 Rf2 35. Rxh5 Re2# 0-1

[Event "SK Klausen-Groeden"]
[Site "?"]
[Date "2013.02.02"]
[Round "8.2"]
[White "Seebacher, Reinhard"]
[Black "Bernardi, Ruben"]
[Result "0-1"]
[WhiteElo "1880"]
[BlackElo "2102"]
[PlyCount "58"]
[EventDate "2013.??.??"]

1. e4 c5 2. Nf3 Nc6 3. d4 cxd4 4. Nxd4 e5 5. Nb5 d6 6. N1c3 a6 7. Na3 Nf6 8.
Bg5 b5 9. Bxf6 gxf6 10. Nd5 Bg7 11. c3 O-O 12. Nc2 f5 13. exf5 Bxf5 14. Nce3
Be6 15. g4 Qh4 16. Qf3 b4 17. Bd3 bxc3 18. bxc3 e4 19. Qxe4 Bxd5 20. Qxd5 Bxc3+
21. Ke2 Nd4+ 22. Kf1 Bxa1 23. Kg2 Ne6 24. Qf5 Be5 25. Nd5 Nd4 26. Ne7+ Kh8 27.
Qe4 f5 28. Nxf5 Nxf5 29. f4 Qxg4+ 0-1

[Event "SK Klausen-Groeden"]
[Site "?"]
[Date "2013.02.02"]
[Round "8.3"]
[White "Moroder, Stephan"]
[Black "Schrott, Johann"]
[Result "1-0"]
[WhiteElo "2083"]
[BlackElo "1787"]
[PlyCount "105"]
[EventDate "2013.??.??"]

1. d4 Nf6 2. c4 c5 3. d5 e6 4. Nc3 exd5 5. cxd5 d6 6. g3 g6 7. Bg2 Bg7 8. Nf3
O-O 9. O-O Re8 10. h3 a6 11. a4 Nbd7 12. Nd2 Rb8 13. Nc4 Ne5 14. Nxe5 Rxe5 15.
a5 b5 16. axb6 Qxb6 17. e4 Re7 18. Kh2 Ne8 19. Bg5 f6 20. Bf4 Bd7 21. g4 Nc7
22. Na4 Bxa4 23. Qxa4 Rd8 24. Ra2 Ree8 25. Rc1 Bf8 26. b4 cxb4 27. Rc6 Qb7 28.
Rac2 Qb5 29. Qa1 Na8 30. Rxa6 b3 31. Rb2 Nc7 32. Bf1 Qb4 33. Ra4 Ra8 34. Rxb4
Rxa1 35. Bd3 Na6 36. Bxa6 Rxa6 37. R2xb3 Ra2 38. Kg3 Ra7 39. f3 Rd7 40. Rb8
Rxb8 41. Rxb8 Kf7 42. Rb6 Ke7 43. h4 h6 44. h5 g5 45. Bd2 Kf7 46. Bb4 Be7 47.
Kf2 Bf8 48. Ke2 Ke7 49. Kd3 Kf7 50. Kc4 Ke7 51. Kb5 Bg7 52. Kc6 Bf8 53. Rb8 1-0

[Event "SK Klausen-Groeden"]
[Site "?"]
[Date "2013.02.02"]
[Round "8.4"]
[White "Schrott, Ernst"]
[Black "Moroder, Thomas"]
[Result "1/2-1/2"]
[WhiteElo "1814"]
[BlackElo "1894"]
[PlyCount "110"]
[EventDate "2013.??.??"]

1. e4 c5 2. Nf3 d6 3. d4 cxd4 4. Nxd4 Nf6 5. Nc3 a6 6. f3 e5 7. Nb3 b5 8. Be3
Be6 9. Qd2 Nbd7 10. O-O-O Be7 11. g4 O-O 12. Qf2 Bxg4 13. fxg4 Nxg4 14. Qg3
Nxe3 15. Rg1 Bg5 16. Qxg5 Qxg5 17. Rxg5 Nxd1 18. Kxd1 Nb6 19. a3 g6 20. Bd3 Kg7
21. Nd2 Rfd8 22. Nf1 f6 23. Rg1 d5 24. exd5 Nxd5 25. Nxd5 Rxd5 26. Ne3 Rd7 27.
Ke1 Rad8 28. h4 Kf7 29. h5 f5 30. hxg6+ hxg6 31. Rf1 Rd4 32. Be2 Re4 33. Rf3
Rh8 34. Nf1 Rc8 35. c3 Rd8 36. Rh3 Kg7 37. Nd2 Rf4 38. Nf3 Re8 39. Kd2 Rg4 40.
Ke3 e4 41. Nd4 f4+ 42. Kf2 Rg5 43. a4 f3 44. Bf1 bxa4 45. Rh2 Ra5 46. Ke3 a3
47. bxa3 Rxa3 48. Rc2 Kf6 49. Bc4 g5 50. Bd5 g4 51. Bxe4 Ra1 52. Kf4 Rg1 53.
Ra2 a5 54. Rxa5 f2 55. Ra6+ Ke7 1/2-1/2

[Event "SK Klausen-Groeden"]
[Site "?"]
[Date "2013.02.02"]
[Round "8.5"]
[White "Prinoth, Franz"]
[Black "Sigmund, Ingenuin"]
[Result "0-1"]
[WhiteElo "1772"]
[BlackElo "1728"]
[PlyCount "60"]
[EventDate "2013.??.??"]

1. e4 e6 2. d4 d5 3. Nc3 Nf6 4. e5 Nfd7 5. Nf3 c5 6. Be3 Nc6 7. Bb5 cxd4 8.
Bxd4 Nxd4 9. Qxd4 a6 10. Bd3 Qc7 11. O-O h6 12. Rfe1 b5 13. a3 Bb7 14. Qg4
O-O-O 15. Qf4 Nb6 16. Nd2 f5 17. h4 Be7 18. Nf3 g5 19. hxg5 hxg5 20. Nxg5 Bxg5
21. Qxg5 Qh7 22. f3 Rdg8 23. Qf6 Qh2+ 24. Kf2 Qxg2+ 25. Ke3 d4+ 26. Kxd4 Rd8+
27. Ke3 Qxf3+ 28. Kd2 Rh2+ 29. Ne2 Nc4+ 30. Kc3 Qc6 0-1

[Event "SK Klausen-Groeden"]
[Site "?"]
[Date "2013.02.02"]
[Round "8.6"]
[White "Seebacher, Michael"]
[Black "Grossi, Christian"]
[Result "0-1"]
[WhiteElo "1403"]
[BlackElo "1770"]
[PlyCount "56"]
[EventDate "2013.??.??"]

1. e4 c5 2. Nf3 Nc6 3. d4 cxd4 4. Nxd4 d6 5. Bb5 Bd7 6. O-O Nf6 7. f3 Nxd4 8.
Bxd7+ Qxd7 9. Qxd4 g6 10. c4 Bg7 11. Nc3 O-O 12. Be3 Ng4 13. Qd2 Nxe3 14. Qxe3
Rfc8 15. b3 Bxc3 16. Qxc3 b5 17. Qd3 bxc4 18. bxc4 Qa4 19. Rfc1 Rc5 20. Rc2
Rac8 21. Rac1 R8c6 22. Qb3 Qa6 23. Qd3 Qb6 24. Qb3 Rb5+ 25. c5 Rcxc5 26. Rxc5
Rxb3 27. axb3 dxc5 28. Kf2 Qxb3 0-1